{"text_format":"1","workbook":"xlsx","n_sheets":3,"sheets":["10社用","20社用","30社用"],"not_rendered":{"charts":0,"images":0,"macros":1,"external_links":0,"defined_names":9,"comments":0,"pivot_tables":0},"unopened":[],"bounds":{"document_bytes":16777216,"sheet_cells":100000,"rows_first":2000,"rows_last":500,"rows_between":2000,"halvings":0,"cell_chars":16384,"cell_head_chars":4096},"cells_cut":0,"cells_raw":0,"read":"whole","date_system":"1900"}

{"sheet":"10社用","index":0,"n_rows":31,"n_cols":27,"rows_kept":31,"cut":false,"hidden":false,"merged":[[13,20,14,21],[15,20,16,21],[13,22,14,22],[15,22,16,22],[1,7,1,21],[13,10,14,19],[15,10,16,19]]}
["審査順試算シート（10社入力可能）"]
[null,"審査順","名称","入札金額","くじ番号","ミリ秒","判定番号","入札書提出日時",null,null,null,null,null,null,null,null,null,null,null,null,null,null,"入札書提出順"]
[null,null,"Ａ社",10000000,111,{"$f":"U3","v":100},{"$f":"E3+F3","v":211},"平成",29,"年",10,"月",2,"日",9,"時",10,"分",11,"秒",100,"ミリ秒",null,null,{"$f":"SUMIF($D$3:$D$12,D3,$G$3:$G$12)","v":1450},{"$f":"COUNTIF($D$3:$D$12,D3)","v":4},{"$f":"MOD(Y3,Z3)","v":2}]
[null,null,"Ｂ社",10000000,222,90,312,"平成",29,"年",10,"月",3,"日",10,"時",9,"分",12,"秒",90,"ミリ秒",null,null,{"$f":"SUMIF($D$3:$D$12,D4,$G$3:$G$12)","v":1450},{"$f":"COUNTIF($D$3:$D$12,D4)","v":4},{"$f":"MOD(Y4,Z4)","v":2}]
[null,null,"Ｃ社",10000000,333,80,413,"平成",29,"年",10,"月",2,"日",11,"時",8,"分",13,"秒",80,"ミリ秒",null,null,1450,4,2]
[null,null,"Ｄ社",10000000,444,70,514,"平成",29,"年",10,"月",3,"日",12,"時",7,"分",14,"秒",70,"ミリ秒",null,null,1450,4,2]
[null,null,"Ｅ社",11000000,555,60,615,"平成",29,"年",10,"月",2,"日",13,"時",6,"分",15,"秒",60,"ミリ秒",null,null,2148,3,0]
[null,null,"Ｆ社",11000000,666,50,716,"平成",29,"年",10,"月",3,"日",14,"時",5,"分",16,"秒",50,"ミリ秒",null,null,2148,3,0]
[null,null,"Ｇ社",11000000,777,40,817,"平成",29,"年",10,"月",2,"日",15,"時",4,"分",17,"秒",40,"ミリ秒",null,null,2148,3,0]
[null,null,"Ｈ社",12000000,888,30,918,"平成",29,"年",10,"月",3,"日",16,"時",3,"分",18,"秒",30,"ミリ秒",null,null,918,1,0]
[null,null,"Ｉ社",13000000,999,20,1019,"平成",29,"年",10,"月",2,"日",17,"時",2,"分",19,"秒",20,"ミリ秒",null,null,1019,1,0]
[null,null,"Ｊ社",14000000,0,10,10,"平成",29,"年",10,"月",3,"日",18,"時",1,"分",20,"秒",10,"ミリ秒",null,null,10,1,0]
[null,null,null,null,null,null,null,null,null,null,null,null,null,null,null,null,null,null,null,null,null,null,null,null,0,0,{"$error":"#DIV/0!"}]
[null,null,null,null,null,null,null,null,null,null,"判定番号合計",null,null,null,null,null,null,null,null,null,"くじ対象者数",null,"余り",null,0,0,{"$error":"#DIV/0!"}]
[null,null,null,null,null,null,null,null,null,null,"判定番号合計",null,null,null,null,null,null,null,null,null,0,null,"余り",null,0,0,{"$error":"#DIV/0!"}]
[null,null,null,null,null,null,null,null,null,null,{"$f":"SUMIF(D3:D12,D3,G3:G12)","v":1450},null,null,null,null,null,null,null,null,null,{"$f":"COUNTIF(D3:D12,D3)","v":4},null,{"$f":"MOD(K16,U16)","v":2},null,0,0,{"$error":"#DIV/0!"}]
[null,null,null,null,null,null,null,null,null,null,null,null,null,null,null,null,null,null,null,null,null,null,null,null,0,0,{"$error":"#DIV/0!"}]
[null,null,null,null,null,null,null,null,null,null,null,null,null,null,null,null,null,null,null,null,null,null,null,null,0,0,{"$error":"#DIV/0!"}]
[null,null,null,null,null,null,null,null,null,null,null,null,null,null,null,null,null,null,null,null,null,null,null,null,0,0,{"$error":"#DIV/0!"}]
[null,null,null,null,null,null,null,null,null,null,null,null,null,null,null,null,null,null,null,null,null,null,null,null,0,0,{"$f":"MOD(Y20,Z20)","v":{"$error":"#DIV/0!"}}]
[null,null,null,null,null,null,null,null,null,null,null,null,null,null,null,null,null,null,null,null,null,null,null,null,0,0,{"$error":"#DIV/0!"}]
[null,null,null,null,null,null,null,null,null,null,null,null,null,null,null,null,null,null,null,null,null,null,null,null,0,0,{"$error":"#DIV/0!"}]
[null,null,null,null,null,null,null,null,null,null,null,null,null,null,null,null,null,null,null,null,null,null,null,null,0,0,{"$error":"#DIV/0!"}]
[null,null,null,null,null,null,null,null,null,null,null,null,null,null,null,null,null,null,null,null,null,null,null,null,0,0,{"$error":"#DIV/0!"}]
[null,null,null,null,null,null,null,null,null,null,null,null,null,null,null,null,null,null,null,null,null,null,null,null,0,0,{"$error":"#DIV/0!"}]
[null,null,null,null,null,null,null,null,null,null,null,null,null,null,null,null,null,null,null,null,null,null,null,null,0,0,{"$error":"#DIV/0!"}]
[null,null,null,null,null,null,null,null,null,null,null,null,null,null,null,null,null,null,null,null,null,null,null,null,0,0,{"$error":"#DIV/0!"}]
[null,null,null,null,null,null,null,null,null,null,null,null,null,null,null,null,null,null,null,null,null,null,null,null,0,0,{"$error":"#DIV/0!"}]
[null,null,null,null,null,null,null,null,null,null,null,null,null,null,null,null,null,null,null,null,null,null,null,null,0,0,{"$error":"#DIV/0!"}]
[null,null,null,null,null,null,null,null,null,null,null,null,null,null,null,null,null,null,null,null,null,null,null,null,0,0,{"$error":"#DIV/0!"}]
[null,null,null,null,null,null,null,null,null,null,null,null,null,null,null,null,null,null,null,null,null,null,null,null,0,0,{"$error":"#DIV/0!"}]

{"sheet":"20社用","index":1,"n_rows":26,"n_cols":27,"rows_kept":26,"cut":false,"hidden":false,"merged":[[1,7,1,21],[23,10,24,19],[23,20,24,21],[23,22,24,22],[25,10,26,19],[25,20,26,21],[25,22,26,22]]}
["審査順試算シート（20社入力可能）"]
[null,"審査順","名称","入札金額","くじ番号","ミリ秒","判定番号","入札書提出日時",null,null,null,null,null,null,null,null,null,null,null,null,null,null,"入札書提出順"]
[null,null,"Ａ社",30000000,100,{"$f":"U3","v":10},{"$f":"E3+F3","v":110},"平成",29,"年",10,"月",3,"日",9,"時",1,"分",20,"秒",10,"ミリ秒",null,null,{"$f":"SUMIF($D$3:$D$22,D3,$G$3:$G$22)","v":2541},{"$f":"COUNTIF($D$3:$D$22,D3)","v":14},{"$f":"MOD(Y3,Z3)","v":7}]
[null,null,"Ｂ社",30000000,101,20,121,"平成",29,"年",10,"月",2,"日",10,"時",2,"分",21,"秒",20,"ミリ秒",null,null,{"$f":"SUMIF($D$3:$D$22,D4,$G$3:$G$22)","v":2541},{"$f":"COUNTIF($D$3:$D$22,D4)","v":14},{"$f":"MOD(Y4,Z4)","v":7}]
[null,null,"Ｃ社",30000000,102,30,132,"平成",29,"年",10,"月",3,"日",11,"時",3,"分",22,"秒",30,"ミリ秒",null,null,2541,14,7]
[null,null,"Ｄ社",30000000,103,40,143,"平成",29,"年",10,"月",2,"日",12,"時",4,"分",23,"秒",40,"ミリ秒",null,null,2541,14,7]
[null,null,"Ｅ社",30000000,104,50,154,"平成",29,"年",10,"月",3,"日",13,"時",5,"分",24,"秒",50,"ミリ秒",null,null,2541,14,7]
[null,null,"Ｆ社",30000000,105,60,165,"平成",29,"年",10,"月",2,"日",14,"時",6,"分",25,"秒",60,"ミリ秒",null,null,2541,14,7]
[null,null,"Ｇ社",30000000,106,70,176,"平成",29,"年",10,"月",3,"日",15,"時",7,"分",26,"秒",70,"ミリ秒",null,null,2541,14,7]
[null,null,"Ｈ社",30000000,107,80,187,"平成",29,"年",10,"月",2,"日",16,"時",8,"分",27,"秒",80,"ミリ秒",null,null,2541,14,7]
[null,null,"Ｉ社",30000000,108,90,198,"平成",29,"年",10,"月",3,"日",17,"時",9,"分",28,"秒",90,"ミリ秒",null,null,2541,14,7]
[null,null,"Ｊ社",30000000,109,100,209,"平成",29,"年",10,"月",2,"日",17,"時",10,"分",29,"秒",100,"ミリ秒",null,null,2541,14,7]
[null,null,"Ｋ社",30000000,110,110,220,"平成",29,"年",10,"月",3,"日",17,"時",11,"分",30,"秒",110,"ミリ秒",null,null,2541,14,7]
[null,null,"Ｌ社",30000000,111,120,231,"平成",29,"年",10,"月",2,"日",17,"時",12,"分",31,"秒",120,"ミリ秒",null,null,2541,14,7]
[null,null,"Ｍ社",30000000,112,130,242,"平成",29,"年",10,"月",3,"日",16,"時",13,"分",32,"秒",130,"ミリ秒",null,null,2541,14,7]
[null,null,"Ｎ社",30000000,113,140,253,"平成",29,"年",10,"月",2,"日",15,"時",14,"分",33,"秒",140,"ミリ秒",null,null,2541,14,7]
[null,null,"Ｏ社",31000000,114,150,264,"平成",29,"年",10,"月",3,"日",14,"時",15,"分",34,"秒",150,"ミリ秒",null,null,825,3,0]
[null,null,"Ｐ社",31000000,115,160,275,"平成",29,"年",10,"月",2,"日",13,"時",16,"分",35,"秒",160,"ミリ秒",null,null,825,3,0]
[null,null,"Ｑ社",31000000,116,170,286,"平成",29,"年",10,"月",3,"日",12,"時",17,"分",36,"秒",170,"ミリ秒",null,null,825,3,0]
[null,null,"Ｒ社",32000000,117,180,297,"平成",29,"年",10,"月",2,"日",11,"時",18,"分",37,"秒",180,"ミリ秒",null,null,924,3,0]
[null,null,"Ｓ社",32000000,118,190,308,"平成",29,"年",10,"月",3,"日",10,"時",19,"分",38,"秒",190,"ミリ秒",null,null,924,3,0]
[null,null,"Ｔ社",32000000,119,200,319,"平成",29,"年",10,"月",2,"日",9,"時",20,"分",39,"秒",200,"ミリ秒",null,null,924,3,0]
[]
[null,null,null,null,null,null,null,null,null,null,"判定番号合計",null,null,null,null,null,null,null,null,null,"くじ対象者数",null,"余り"]
[null,null,null,null,null,null,null,null,null,null,"判定番号合計",null,null,null,null,null,null,null,null,null,0,null,"余り"]
[null,null,null,null,null,null,null,null,null,null,{"$f":"SUMIF(D3:D22,D3,G3:G22)","v":2541},null,null,null,null,null,null,null,null,null,{"$f":"COUNTIF(D3:D22,D3)","v":14},null,{"$f":"MOD(K26,U26)","v":7}]

{"sheet":"30社用","index":2,"n_rows":36,"n_cols":27,"rows_kept":36,"cut":false,"hidden":false,"merged":[[1,7,1,21],[33,10,34,19],[33,20,34,21],[33,22,34,22],[35,10,36,19],[35,20,36,21],[35,22,36,22]]}
["審査順試算シート（30社入力可能）"]
[null,"審査順","名称","入札金額","くじ番号","ミリ秒","判定番号","入札書提出日時",null,null,null,null,null,null,null,null,null,null,null,null,null,null,"入札書提出順"]
[null,null,"Ａ社",50000000,100,{"$f":"U3","v":100},{"$f":"E3+F3","v":200},"平成",29,"年",10,"月",2,"日",8,"時",30,"分",1,"秒",100,"ミリ秒",null,null,{"$f":"SUMIF($D$3:$D$32,D3,$G$3:$G$32)","v":7383},{"$f":"COUNTIF($D$3:$D$32,D3)","v":23},{"$f":"MOD(Y3,Z3)","v":0}]
[null,null,"Ｂ社",50000000,110,101,211,"平成",29,"年",10,"月",3,"日",9,"時",31,"分",2,"秒",101,"ミリ秒",null,null,{"$f":"SUMIF($D$3:$D$32,D4,$G$3:$G$32)","v":7383},{"$f":"COUNTIF($D$3:$D$32,D4)","v":23},{"$f":"MOD(Y4,Z4)","v":0}]
[null,null,"Ｃ社",50000000,120,102,222,"平成",29,"年",10,"月",2,"日",10,"時",32,"分",3,"秒",102,"ミリ秒",null,null,7383,23,0]
[null,null,"Ｄ社",50000000,130,103,233,"平成",29,"年",10,"月",3,"日",11,"時",33,"分",4,"秒",103,"ミリ秒",null,null,7383,23,0]
[null,null,"Ｅ社",50000000,140,104,244,"平成",29,"年",10,"月",2,"日",12,"時",34,"分",5,"秒",104,"ミリ秒",null,null,7383,23,0]
[null,null,"Ｆ社",50000000,150,105,255,"平成",29,"年",10,"月",3,"日",13,"時",35,"分",6,"秒",105,"ミリ秒",null,null,7383,23,0]
[null,null,"Ｇ社",50000000,160,106,266,"平成",29,"年",10,"月",2,"日",14,"時",36,"分",7,"秒",106,"ミリ秒",null,null,7383,23,0]
[null,null,"Ｈ社",50000000,170,107,277,"平成",29,"年",10,"月",3,"日",15,"時",37,"分",8,"秒",107,"ミリ秒",null,null,7383,23,0]
[null,null,"Ｉ社",50000000,180,108,288,"平成",29,"年",10,"月",2,"日",16,"時",38,"分",9,"秒",108,"ミリ秒",null,null,7383,23,0]
[null,null,"Ｊ社",50000000,190,109,299,"平成",29,"年",10,"月",3,"日",17,"時",39,"分",10,"秒",109,"ミリ秒",null,null,7383,23,0]
[null,null,"Ｋ社",50000000,200,110,310,"平成",29,"年",10,"月",2,"日",8,"時",40,"分",11,"秒",110,"ミリ秒",null,null,7383,23,0]
[null,null,"Ｌ社",50000000,210,111,321,"平成",29,"年",10,"月",3,"日",9,"時",41,"分",12,"秒",111,"ミリ秒",null,null,7383,23,0]
[null,null,"Ｍ社",50000000,220,112,332,"平成",29,"年",10,"月",2,"日",10,"時",42,"分",13,"秒",112,"ミリ秒",null,null,7383,23,0]
[null,null,"Ｎ社",50000000,230,113,343,"平成",29,"年",10,"月",3,"日",11,"時",43,"分",14,"秒",113,"ミリ秒",null,null,7383,23,0]
[null,null,"Ｏ社",50000000,240,114,354,"平成",29,"年",10,"月",2,"日",12,"時",44,"分",15,"秒",114,"ミリ秒",null,null,7383,23,0]
[null,null,"Ｐ社",50000000,250,115,365,"平成",29,"年",10,"月",3,"日",13,"時",45,"分",16,"秒",115,"ミリ秒",null,null,7383,23,0]
[null,null,"Ｑ社",50000000,260,116,376,"平成",29,"年",10,"月",2,"日",14,"時",46,"分",17,"秒",116,"ミリ秒",null,null,7383,23,0]
[null,null,"Ｒ社",50000000,270,117,387,"平成",29,"年",10,"月",3,"日",15,"時",47,"分",18,"秒",117,"ミリ秒",null,null,7383,{"$f":"COUNTIF($D$3:$D$32,D20)","v":23},0]
[null,null,"Ｓ社",50000000,280,118,398,"平成",29,"年",10,"月",2,"日",16,"時",48,"分",19,"秒",118,"ミリ秒",null,null,7383,23,0]
[null,null,"Ｔ社",50000000,290,119,409,"平成",29,"年",10,"月",3,"日",17,"時",49,"分",20,"秒",119,"ミリ秒",null,null,7383,23,0]
[null,null,"Ｕ社",50000000,300,120,420,"平成",29,"年",10,"月",2,"日",8,"時",50,"分",21,"秒",120,"ミリ秒",null,null,7383,23,0]
[null,null,"Ｖ社",50000000,310,121,431,"平成",29,"年",10,"月",3,"日",9,"時",51,"分",22,"秒",121,"ミリ秒",null,null,7383,23,0]
[null,null,"Ｗ社",50000000,320,122,442,"平成",29,"年",10,"月",2,"日",10,"時",52,"分",23,"秒",122,"ミリ秒",null,null,7383,23,0]
[null,null,"Ｘ社",51000000,330,123,453,"平成",29,"年",10,"月",3,"日",11,"時",53,"分",24,"秒",123,"ミリ秒",null,null,453,1,0]
[null,null,"Ｙ社",52000000,340,124,464,"平成",29,"年",10,"月",2,"日",12,"時",54,"分",25,"秒",124,"ミリ秒",null,null,464,1,0]
[null,null,"Ｚ社",53000000,350,125,475,"平成",29,"年",10,"月",3,"日",13,"時",55,"分",26,"秒",125,"ミリ秒",null,null,475,1,0]
[null,null,"ＡＡ社",54000000,360,126,486,"平成",29,"年",10,"月",2,"日",14,"時",56,"分",27,"秒",126,"ミリ秒",null,null,486,1,0]
[null,null,"ＡＢ社",55000000,370,127,497,"平成",29,"年",10,"月",3,"日",15,"時",57,"分",28,"秒",127,"ミリ秒",null,null,497,1,0]
[null,null,"ＡＣ社",56000000,380,128,508,"平成",29,"年",10,"月",2,"日",16,"時",58,"分",29,"秒",128,"ミリ秒",null,null,508,1,0]
[null,null,"ＡＤ社",57000000,390,129,519,"平成",29,"年",10,"月",3,"日",17,"時",59,"分",30,"秒",129,"ミリ秒",null,null,519,1,0]
[null,null,null,null,null,null,null,null,null,null,null,null,null,null,null,null,null,null,null,null,null,null,null,null,0,0,{"$error":"#DIV/0!"}]
[null,null,null,null,null,null,null,null,null,null,"判定番号合計",null,null,null,null,null,null,null,null,null,"くじ対象者数",null,"余り",null,0,0,{"$error":"#DIV/0!"}]
[null,null,null,null,null,null,null,null,null,null,"判定番号合計",null,null,null,null,null,null,null,null,null,0,null,"余り"]
[null,null,null,null,null,null,null,null,null,null,{"$f":"SUMIF(D3:D32,D3,G3:G32)","v":7383},null,null,null,null,null,null,null,null,null,{"$f":"COUNTIF(D3:D32,D3)","v":23},null,{"$f":"MOD(K36,U36)","v":0}]